Pays alliés à la France (édition 2025) - Statistiques

Statistiques générales
  • Ce quiz a été pris 78 fois
    48 depuis la dernière actualisation
  • Le résultat moyen est 21 sur 25
Statistiques - réponses
Europe Réponse % Correct
A Allemagne
97%
E Espagne
97%
I Italie
97%
C Canada
95%
R Royaume-Uni
95%
B Belgique
92%
É États-Unis
92%
D Danemark
89%
F Finlande
87%
H Hongrie
84%
L Lituanie
84%
P Portugal
84%
S Suède
84%
G Grèce
82%
L Lettonie
82%
P Pologne
82%
N Norvège
79%
T Turquie
79%
C Croatie
76%
E Estonie
76%
A Autriche
71%
R Roumanie
71%
S Slovaquie
71%
S Slovénie
71%
T Tchéquie
58%
Aucun quiz correspondant
Distribution des résultats
% des personnes avec chaque résultat
Percentile par nombre de réponses
Votre historique - résultats
Vous n’avez pas pris ce quiz depuis la dernière actualisation